000
00239nam a2200097Ia 4500
008
230907s9999||||xx |||||||||||||| ||und||
082
_a
333.7,TOP
245
0
_a
Topical themes in energy and resources :
300
_a
xi, 270p.:
942
_c
BK
999
_c
597479
_d
597479